En torno al casticismo en Italia / (Record no. 133682)

MARC details
000 -LEADER
campo de control de longitud fija 00688nam a2200205 i 4500
001 - NÚMERO DE CONTROL
campo de control 133682
003 - IDENTIFICADOR DE NÚMERO DE CONTROL
campo de control ES-MaACL
005 - FECHA Y HORA DE LA ÚLTIMA TRANSACCIÓN
campo de control 20230906194511.0
007 - CAMPO FIJO DE DESCRIPCIÓN FÍSICA--INFORMACIÓN GENERAL
campo de control de longitud fija t|
008 - DATOS DE LONGITUD FIJA--INFORMACIÓN GENERAL
campo de control de longitud fija 070824s1929 sp ||||1| spa d
100 1# - ENTRADA PRINCIPAL--NOMBRE DE PERSONA
Nombre de persona Malaparte, Curzio.
9 (RLIN) 75687
245 10 - MENCIÓN DEL TÍTULO
Título En torno al casticismo en Italia /
Mención de responsabilidad, etc. Curzio Malaparte [seud.] ; prólogo y traducción de E. Giménez Caballero.
260 ## - PUBLICACIÓN, DISTRIBUCIÓN, ETC.
Lugar de publicación, distribución, etc. Madrid :
Nombre del editor, distribuidor, etc. Caro Raggio,
Fecha de publicación, distribución, etc. 1929.
300 ## - DESCRIPCIÓN FÍSICA
Extensión 154 p. ;
Dimensiones 19 cm.
594 ## - Nota al título y mención de responsabilidad
Nota al título y mención de responsabilidad Curzio Malaparte es seud. de Kurt Erich Suckert.
650 ## - PUNTO DE ACCESO ADICIONAL DE MATERIA--TÉRMINO DE MATERIA
Término de materia o nombre geográfico como elemento de entrada Fascismo-
Subdivisión geográfica Italia.
9 (RLIN) 160050
700 1# - ENTRADA AGREGADA--NOMBRE PERSONAL
Nombre de persona Giménez Caballero, Ernesto,
Fechas asociadas al nombre 1899-1988
9 (RLIN) 57038
852 ## - LOCALIZACIÓN
Ubicación ES-MaACL
Número de control de estantería B-12570
Holdings
Estatus retirado Estado de pérdida Estado de daño No para préstamo Biblioteca de origen Biblioteca actual Ubicación en estantería Fecha de adquisición Fuente de adquisición Total de préstamos Signatura topográfica completa Código de barras Visto por última vez Precio de reemplazo Tipo de ítem Koha
        Biblioteca del Ateneo de Madrid Biblioteca del Ateneo de Madrid Sala Pardo Bazán 17/01/2008     B-12570 1139163 23/02/2023 23/02/2023 Libro impreso